Software Engineering (Record no. 4600)
[ view plain ]
| 000 -LEADER | |
|---|---|
| fixed length control field | 00358nam a2200145Ia 4500 |
| 008 - FIXED-LENGTH DATA ELEMENTS--GENERAL INFORMATION | |
| fixed length control field | 191201s2009 xx 000 0 und d |
| 082 ## - DEWEY DECIMAL CLASSIFICATION NUMBER | |
| Classification number | 005.1 |
| Item number | SAS |
| 100 ## - MAIN ENTRY--PERSONAL NAME | |
| Personal name | SABHARWAL, Sangeeta |
| 245 #0 - TITLE STATEMENT | |
| Title | Software Engineering |
| 250 ## - EDITION STATEMENT | |
| Edition statement | 2009 rep. |
| 260 ## - PUBLICATION, DISTRIBUTION, ETC. (IMPRINT) | |
| Place of publication, distribution, etc | Delhi |
| Name of publisher, distributor, etc | New Age International |
| Date of publication, distribution, etc | 2009 |
| 300 ## - PHYSICAL DESCRIPTION | |
| Extent | 381 |
| 650 ## - SUBJECT ADDED ENTRY--TOPICAL TERM | |
| Topical term or geographic name as entry element | B.Tech(IT) |
| 942 ## - ADDED ENTRY ELEMENTS (KOHA) | |
| Source of classification or shelving scheme | Dewey Decimal Classification |
| Koha item type | Text Books |
| 942 ## - ADDED ENTRY ELEMENTS (KOHA) | |
| -- | 10 |
| Withdrawn status | Lost status | Source of classification or shelving scheme | Damaged status | Not for loan | Collection code | Home library | Current library | Date acquired | Source of acquisition | Cost, normal purchase price | Bill Number | Total Checkouts | Full call number | Acc. no. / Barcode | Date last seen | Date last borrowed | Bill Date | Koha item type | Checked out |
|---|---|---|---|---|---|---|---|---|---|---|---|---|---|---|---|---|---|---|---|
| Dewey Decimal Classification | Computer Science and Engineering in AI & Machine Learning | PIET C-LIBRARY | PIET C-LIBRARY | 15/07/2010 | The book company | 190.00 | 2037 | 6 | 005.1 SAS | 16048 | 14/06/2024 | 03/06/2024 | 13/07/2010 | Text Books | |||||
| Dewey Decimal Classification | Computer Science and Engineering in AI & Machine Learning | PIET C-LIBRARY | PIET C-LIBRARY | 15/07/2010 | The book company | 190.00 | 2037 | 3 | 005.1 SAS | 16049 | 16/01/2026 | 16/01/2026 | 13/07/2010 | Text Books | 04/08/2026 | ||||
| Dewey Decimal Classification | Computer Science and Engineering in AI & Machine Learning | PIET C-LIBRARY | PIET C-LIBRARY | 15/07/2010 | The book company | 190.00 | 2037 | 4 | 005.1 SAS | 16050 | 21/03/2023 | 10/03/2023 | 13/07/2010 | Text Books | |||||
| Dewey Decimal Classification | Computer Science and Engineering in AI & Machine Learning | PIET C-LIBRARY | PIET C-LIBRARY | 15/07/2010 | The book company | 190.00 | 2037 | 4 | 005.1 SAS | 16052 | 11/06/2024 | 03/06/2024 | 13/07/2010 | Text Books |